书目信息 |
| 题名: |
电子工业技术词典
|
|
| 作者: | ;《电子工业技术词典》编辑委员会 编 | |
| 分册: | 激光技术 | |
| 出版信息: | 北京 国防工业出版社 1977 |
|
| 页数: | 133页 | |
| 开本: | 26cm | |
| 丛书名: | ||
| 单 册: | ||
| 中图分类: | TN-61 | |
| 科图分类: | ||
| 主题词: | 电子工业--技术--词典 | |
| 电子资源: | ||
| ISBN: | ||
| 000 | 00789nam0 2200229 45 | |
| 001 | 0176000997 | |
| 005 | 20060525101038.46 | |
| 010 | @dCNY0.99 | |
| 100 | @a19951011d1977 em y0chiy0121 ea | |
| 101 | 0 | @achi |
| 102 | @aCN@b110000 | |
| 105 | @ay e 000yy | |
| 200 | 10 | @a电子工业技术词典@Adian zi gong ye ji shu ci dian@i激光技术@f《电子工业技术词典》编辑委员会编@F《dian zi gong ye ji shu ci dian》bian ji wei yuan hui bian |
| 210 | @a北京@c国防工业出版社@d1977 | |
| 215 | @a133页@d26cm | |
| 517 | 1 | @a激光技术@Aji guang ji shu |
| 606 | @a电子工业@x技术@x词典 | |
| 690 | @aTN-61@v3 | |
| 711 | 0 | @a《电子工业技术词典》编辑委员会@A《dian zi gong ye ji shu ci dian》bian ji wei yuan hui@4编 |
| 801 | 0 | @aCN@bTSSF@c20060525 |
| 801 | 2 | @aCN@bNLC@c20060518 |
| 905 | @a10447@dTN-61@e32 | |
| 电子工业技术词典.激光技术/《电子工业技术词典》编辑委员会编.-北京:国防工业出版社,1977 |
| 133页;26cm |
| ISBN :CNY0.99 |
| ● |
| 相关链接 |
|
|
|
|
正题名:电子工业技术词典
索取号:TN-61/32
 
预约/预借
| 序号 | 登录号 | 条形码 | 馆藏地/架位号 | 状态 | 备注 |
| 1 | 0009272 | 202382885 | 密集书库/ [索取号:TN-61/32] | 在馆 | |
| 2 | 0009274 | 202382965 | 密集书库/ [索取号:TN-61/32] | 在馆 | |
| 3 | 0009275 | 202382929 | 密集书库/ [索取号:TN-61/32] | 在馆 |